Loading...
| Fine Arts - Classical Music and Opera | 5 | 6.00 | 40% | 20% | 0% |
| Fine Arts - Other Arts | 6 | 8.33 | 67% | 17% | 0% |
| Fine Arts - Painting and Sculpture | 7 | 8.57 | 57% | 29% | 0% |
| Geography | 2 | 15.00 | 100% | 50% | 0% |
| History - American History | 7 | 14.29 | 86% | 57% | 0% |
| History - European History | 4 | 17.50 | 100% | 75% | 0% |
| History - Other History | 3 | 13.33 | 100% | 33% | 0% |
| History - World History | 4 | 10.00 | 75% | 25% | 0% |
| Literature - American Literature | 4 | 2.50 | 25% | 0% | 0% |
| Literature - British Literature | 8 | 3.75 | 38% | 0% | 0% |
| Literature - European Literature | 4 | 5.00 | 50% | 0% | 0% |
| Literature - World Literature | 6 | 13.33 | 83% | 33% | 17% |
| Modern World | 1 | 10.00 | 100% | 0% | 0% |
| Mythology | 3 | 13.33 | 100% | 33% | 0% |
| Other Academic | 3 | 3.33 | 33% | 0% | 0% |
| Other Culture | 1 | 0.00 | 0% | 0% | 0% |
| Other Science (Astronomy) | 1 | 10.00 | 100% | 0% | 0% |
| Other Science (Computer Science) | 2 | 20.00 | 100% | 100% | 0% |
| Other Science (Mixed/Any) | 1 | 10.00 | 100% | 0% | 0% |
| Philosophy | 5 | 2.00 | 20% | 0% | 0% |
| Religion | 4 | 10.00 | 75% | 25% | 0% |
| Science - Biology | 3 | 3.33 | 33% | 0% | 0% |
| Science - Chemistry | 5 | 10.00 | 80% | 20% | 0% |
| Science - Physics | 3 | 3.33 | 33% | 0% | 0% |
| Social Science | 3 | 10.00 | 67% | 33% | 0% |